Systems engineering simplified / (Record no. 71361)
[ view plain ]
| 000 -LEADER | |
|---|---|
| fixed length control field | 01829cam a2200325 i 4500 |
| 001 - CONTROL NUMBER | |
| control field | 18274429 |
| 003 - CONTROL NUMBER IDENTIFIER | |
| control field | NUST - PNEC |
| 005 - DATE AND TIME OF LATEST TRANSACTION | |
| control field | 20170116181159.0 |
| 008 - FIXED-LENGTH DATA ELEMENTS--GENERAL INFORMATION | |
| fixed length control field | 140820s2015 flua b 001 0 eng |
| 010 ## - LIBRARY OF CONGRESS CONTROL NUMBER | |
| LC control number | 2014033163 |
| 020 ## - INTERNATIONAL STANDARD BOOK NUMBER | |
| International Standard Book Number | 9781498706681 (paperback) |
| 040 ## - CATALOGING SOURCE | |
| Transcribing agency | LIBRARY |
| 042 ## - AUTHENTICATION CODE | |
| Authentication code | pcc |
| 050 00 - LIBRARY OF CONGRESS CALL NUMBER | |
| Classification number | TA168 |
| Item number | .C58 2015 |
| 082 00 - DEWEY DECIMAL CLASSIFICATION NUMBER | |
| Classification number | 620.001171 CLO |
| Edition number | 23 |
| 100 1# - MAIN ENTRY--PERSONAL NAME | |
| Personal name | Cloutier, Robert. |
| 245 10 - TITLE STATEMENT | |
| Title | Systems engineering simplified / |
| Statement of responsibility, etc. | Robert Cloutier, Clifton Baldwin, Mary Alice Bone. |
| 250 ## - EDITION STATEMENT | |
| Edition statement | - |
| 260 ## - PUBLICATION, DISTRIBUTION, ETC. | |
| Place of publication, distribution, etc. | Boca Raton |
| Name of publisher, distributor, etc. | Taylor & Francis Group |
| Date of publication, distribution, etc. | c.2015 |
| 300 ## - PHYSICAL DESCRIPTION | |
| Extent | xv, 75 pages : |
| Other physical details | illustrations ; |
| Dimensions | 24 cm |
| 504 ## - BIBLIOGRAPHY, ETC. NOTE | |
| Bibliography, etc. note | Includes bibliographical references and index. |
| 520 ## - SUMMARY, ETC. | |
| Summary, etc. | "Systems engineering is about thinking - thinking about things in a systematic manner. It first addresses the question of "why are we doing this?" It then moves to understanding how the idea will be used in the current environment. Systems engineers also ask questions like "did we build the right thing? Does it do what the end user wants?" Without these answers, one runs the risk of producing the next product that the market does not want. Systems engineering is sometimes characterized as a new discipline since it often goes unidentified. But, in fact, many companies are practicing systems engineering. They just do these things under a different name"-- |
| 650 #0 - SUBJECT ADDED ENTRY--TOPICAL TERM | |
| Topical term or geographic name entry element | Systems engineering. |
| General subdivision | ME, IME |
| 700 1# - ADDED ENTRY--PERSONAL NAME | |
| Personal name | Baldwin, Clifton. |
| 700 1# - ADDED ENTRY--PERSONAL NAME | |
| Personal name | Bone, Mary Alice. |
| 856 ## - ELECTRONIC LOCATION AND ACCESS | |
| Uniform Resource Identifier | <a href="http://www.amazon.com/Systems-Engineering-Simplified-Robert-Cloutier/dp/1498706681/ref=sr_1_1?ie=UTF8&qid=1454396450&sr=8-1&keywords=9781498706681">http://www.amazon.com/Systems-Engineering-Simplified-Robert-Cloutier/dp/1498706681/ref=sr_1_1?ie=UTF8&qid=1454396450&sr=8-1&keywords=9781498706681</a> |
| 906 ## - LOCAL DATA ELEMENT F, LDF (RLIN) | |
| a | 7 |
| b | cbc |
| c | orignew |
| d | 1 |
| e | ecip |
| f | 20 |
| g | y-gencatlg |
| 942 ## - ADDED ENTRY ELEMENTS (KOHA) | |
| Source of classification or shelving scheme | |
| Koha item type | Book |
| Withdrawn status | Lost status | Source of classification or shelving scheme | Materials specified (bound volume or other part) | Damaged status | Not for loan | Permanent Location | Current Location | Shelving location | Date acquired | Source of acquisition | Cost, normal purchase price | Total Checkouts | Full call number | Barcode | Date last seen | Cost, replacement price | Price effective from | Koha item type |
|---|---|---|---|---|---|---|---|---|---|---|---|---|---|---|---|---|---|---|
| paperback | Pakistan Navy Engineering College (PNEC) | Pakistan Navy Engineering College (PNEC) | 12/06/2015 | Global Link Information Services / Ref Grant | 13248.11 | 620.001171 CLO | PNECLB-032641 | 02/02/2016 | 13248.11 | 12/06/2015 | Book |
